Szczegóły MARC21

Programy pomocowe oraz dotacje UE dla przedsiębiorstw 2007-2013 /

003 -Nazwa inst., której nr kontr. jest w polu 001 [,]
    • @
    • Nazwa instytucji, której n kontrolny jest w polu 001
    • NUKAT
005 -DATA I CZAS OSTATNIEJ MODYFIKACJI [,]
    • @
    • pole kontrolne
    • 20241231111346.0
020 -Międzynarod. znormalizowany nr książki - ISBN [ , ]
    • a
    • Numer ISBN
    • 9788374839723 Find
040 -Instytucja sporządzająca opis [ , ]
    • a
    • Instytucja, która sporządziła opis (NP)
    • BYDG 24/ap
    • c
    • Instytucja, która sporządziła rekord (NP)
    • BYDG 24/ap
    • d
    • Instytucja, która zmodyfikowała rekord (P)
    • BYDG 24/MM
942 -Rodzaj dokumentu [ , ]
    • c
    • Rodzaj dokumentu
    • Książka
245 -Strefa tytułu i oznaczenia odpowiedzialności [0,0]
    • a
    • Tytuł
    • Programy pomocowe oraz dotacje UE dla przedsiębiorstw 2007-2013 / Find
    • c
    • Pozostałe elementy strefy tytułu i oznaczenia odpowiedzialności (NP)
    • [red.] Magdalena Burnat-Mikosz, Michał Gwizda, Magdalena Kosewska-Kwaśny ; [aut. Magdalena Burnat-Mikosz et al.].
250 -Strefa wydania [ , ]
    • a
    • Oznaczenie wydania (NP)
    • Wyd. zaktual., stan prawny: grudzień 2007.
260 -Strefa adresu wydawniczego [ , ]
    • a
    • Miejsce wydania (P)
    • Warszawa :
    • b
    • Nazwa wydawcy (P)
    • Wydawnictwo C. H. Beck,
    • c
    • Data wydania (P)
    • cop. 2007.
300 -Strefa opisu fizycznego [ , ]
    • a
    • Określenie formy książki i/lub objętość (NP)
    • XIX, [1], 378 s. :
    • b
    • Oznaczenie ilustracji (NP)
    • il. ;
    • c
    • Format (NP)
    • 24 cm +
    • e
    • Oznaczenie dokumentu towarzyszącego (NP)
    • dysk optyczny (CD-ROM).
336 -Typ zawartości [ , ]
    • a
    • Termin opisujący typ zawartości
    • Tekst
    • b
    • Kod określający zawartość
    • txt
    • 2
    • Źródło (terminu i kodu)
    • rdacontent
337 -Typ mediów [ , ]
    • a
    • Tryb odtwarzania
    • Bez urządzenia pośredniczącego
    • b
    • Kod typu mediów
    • n
    • 2
    • Źródło (terminu i kodu)
    • rdamedia
338 -Typ/rodzaj nośnika [ , ]
    • a
    • Hasło opisujące typ nośnika
    • Wolumin
    • b
    • Kod typu nośnika
    • nc
    • 2
    • Źródło (terminu i kodu)
    • rdacarrier
490 -Strefa serii i książki wielotomowej - forma nie do wyszukiwania [1, ]
    • a
    • Tytuł (P)
    • Beck Info Biznes Find
830 -Hasło dodatkowe serii i opisu książki wielotomowej - tytuł ujednolicony/tytuł [ ,0]
    • a
    • Tytuł ujednolicony/tytuł (NP)
    • Beck Info Biznes
    • 9
    • KHW
    • 164
500 -Uwaga ogólna [ , ]
    • a
    • Uwaga ogólna (NP)
    • U dołu s. tyt. i okł.: Accreo Taxand.
500 -Uwaga ogólna [ , ]
    • a
    • Uwaga ogólna (NP)
    • Dysk optyczny zawiera: Akty prawne, wzory dokumentów, procedura, źródła prawa.
500 -Uwaga ogólna [ , ]
    • a
    • Uwaga ogólna (NP)
    • Dokumenty, akty prawne s. 337-354.
080 -Uniwersalna Klasyfikacja Dziesiętna [ , ]
    • 2
    • Identyfikator wydania tablic
    • UDC - P058
    • a
    • Symbol klasyfikacji
    • 658.14/.17
    • b
    • Dopowiedzenie
    • Zagadnienia finansowe przedsiębiorstwa. Rozrachunek gospodarczy. Fundusz zakładowy.
    • x
    • Poddział wspólny
    • "2001/..."
    • b
    • Dopowiedzenie
    • Od 2001.
    • x
    • Poddział wspólny
    • (438)
    • b
    • Dopowiedzenie
    • (Polska).
080 -Uniwersalna Klasyfikacja Dziesiętna [ , ]
    • 2
    • Identyfikator wydania tablic
    • UDC - P058
    • a
    • Symbol klasyfikacji
    • 339.7
    • b
    • Dopowiedzenie
    • Finanse międzynarodowe.
    • x
    • Poddział wspólny
    • (4-67)
    • b
    • Dopowiedzenie
    • (Kraje Unii Europejskiej).
    • x
    • Poddział wspólny
    • "2001/..."
    • b
    • Dopowiedzenie
    • Od 2001.
650 -Hasło przedmiotowe [ ,7]
    • a
    • Hasło przedmiotowe
    • Fundusze strukturalne
    • z
    • Określnik geograficzny
    • Polska
    • y
    • Określnik chronologiczny
    • 21 w.
    • 2
    • Źródło terminu
    • kaba
    • 9
    • KHW
    • 358031
650 -Hasło przedmiotowe [ ,7]
    • a
    • Hasło przedmiotowe
    • Pomoc gospodarcza europejska
    • z
    • Określnik geograficzny
    • Polska
    • y
    • Określnik chronologiczny
    • 21 w.
    • 2
    • Źródło terminu
    • kaba
    • 9
    • KHW
    • 383371
980 -Symbol UKD [ , ]
    • a
    • UKD
    • 658.14/.17(438):339.7(4-67)]"2001/..."
700 -Hasło dodatkowe - nazwa osobowa [1, ]
    • a
    • Nazwa osobowa (NP)
    • Gwizda, Michał. Find
    • e
    • Określenie rodzaju współpracy
    • Red.
    • 9
    • KHW
    • 45637
700 -Hasło dodatkowe - nazwa osobowa [1, ]
    • a
    • Nazwa osobowa (NP)
    • Kosewska-Kwaśny, Magdalena. Find
    • e
    • Określenie rodzaju współpracy
    • Red.
    • 9
    • KHW
    • 85119
700 -Hasło dodatkowe - nazwa osobowa [1, ]
    • a
    • Nazwa osobowa (NP)
    • Burnat-Mikosz, Magdalena. Find
    • e
    • Określenie rodzaju współpracy
    • Red.
    • 9
    • KHW
    • 601427
710 -Hasło dodatkowe - nazwa ciała zbiorowego [2, ]
    • a
    • Nazwa ciała zbiorowego lub nazwa geograficzna jako pierwszy element (NP)
    • Wydawnictwo C.H. Beck.
    • 4
    • Kod relacji
    • pbl
    • 9
    • KHW
    • 52679
920 -ISBN [ , ]
    • a
    • ISBN
    • 978-83-7483-972-3 Find
Lokalizacja Data inwentaryzacji Sygnatura Numer inwentarzowy Status udost.
BE2015-05-13 E.75840-2
T2009-03-31T.10455T.10455-2
T2009-07-03 TM.6746-2
T2009-07-03 TM.6747-3
T2010-05-26 TM.7217-3